[Event "GBR-ch"]
[Site "Scarborough"]
[Date "2001.08.07"]
[Round "8"]
[White "Briggs, Philip"]
[Black "Ghasi, Ameet K"]
[Result "0-1"]
[WhiteElo "2200"]
[BlackElo "2188"]
[PlyCount "166"]
[EventDate "2001.07.30"]

1. e4 c5 2. Nc3 Nc6 3. f4 g6 4. Nf3 Bg7 5. Bb5 Nd4 6. Nxd4 cxd4 7. Ne2 Qb6 8.
a4 a6 9. Bc4 d5 10. a5 Qc7 11. Bxd5 Nf6 12. d3 Nxd5 13. exd5 Qc5 14. O-O Qxd5
15. Ng3 e6 16. Bd2 O-O 17. Bb4 Re8 18. Ne4 Bd7 19. Nd6 Bc6 20. Qe2 Red8 21. Nc4
Rab8 22. Rae1 Bb5 23. Nb6 Qc6 24. Qf2 Re8 25. Re5 Qc7 26. Re2 Rbd8 27. Qh4 Bc6
28. Nc4 Rd5 29. Ne5 Qd8 30. Qe1 Qf6 31. c4 Rdd8 32. Bc5 h5 33. Bb6 Rc8 34. Bxd4
Qd8 35. Qc3 Bf8 36. Bb6 Qd6 37. Rfe1 Bh6 38. Rf1 Bg7 39. d4 Bf6 40. Bc5 Qc7 41.
b4 Bg7 42. Qg3 Qd8 43. Rfe1 Ba4 44. Qe3 Qc7 45. Rb1 Bc6 46. h3 Bf6 47. Rf1 Kg7
48. Qg3 Kh7 49. Qd3 Kg7 50. Rfe1 Bh4 51. g3 Bf6 52. Bb6 Qd6 53. Qc3 Bd7 54. Rd1
Bc6 55. Kf2 Kg8 56. Bc5 Qc7 57. Rg1 Kg7 58. Ke1 Qd8 59. Bb6 Qd6 60. Kd2 Rh8 61.
g4 hxg4 62. hxg4 Bxe5 63. fxe5 Qe7 64. g5 Rh4 65. Bc5 Qd7 66. Rf2 Be4 67. Rgf1
Bf5 68. Rf4 Rh2+ 69. R1f2 Rch8 70. b5 R8h3 71. Qb4 Qd8 72. Be7 Rxf2+ 73. Ke1
Rxf4 74. Bxd8 Rh1+ 75. Ke2 Bg4+ 76. Ke3 Rf3+ 77. Ke4 Rh4 78. Bf6+ Kh7 79. Qe1
Rfh3 80. Qxh4+ Rxh4 81. d5 Be2+ 82. Ke3 Bxc4 83. bxa6 bxa6 0-1

[Event "GBR-ch"]
[Site "Scarborough"]
[Date "2001.08.07"]
[Round "8"]
[White "Berry, Neil M"]
[Black "Snape, Ian L"]
[Result "1-0"]
[WhiteElo "2256"]
[BlackElo "2160"]
[PlyCount "69"]
[EventDate "2001.07.30"]

1. d4 Nf6 2. c4 g6 3. Nc3 Bg7 4. e4 d6 5. Nf3 O-O 6. Be2 e5 7. O-O Nc6 8. d5
Ne7 9. b4 a5 10. Ba3 b6 11. bxa5 Rxa5 12. Bb4 Ra8 13. a4 Re8 14. Re1 Bf8 15. h3
Nh5 16. Bf1 Nf4 17. Nb5 g5 18. g3 Nexd5 19. cxd5 Nxh3+ 20. Bxh3 Bxh3 21. Qc1 h6
22. Qxc7 Qf6 23. Qc3 Rec8 24. Qe3 Rc4 25. Reb1 Rac8 26. Nd2 Rc2 27. Na3 R2c7
28. Qf3 Qg6 29. g4 Bxg4 30. Qxg4 h5 31. Qf5 Qh6 32. Nf3 f6 33. Bd2 Qg7 34. Rc1
g4 35. Nh4 1-0

[Event "GBR-ch"]
[Site "Scarborough"]
[Date "2001.08.07"]
[Round "8"]
[White "Moore, Gerald"]
[Black "Jackson, Adrian"]
[Result "1/2-1/2"]
[WhiteElo "2194"]
[BlackElo "2230"]
[PlyCount "75"]
[EventDate "2001.07.30"]

1. e4 c5 2. Nf3 Nc6 3. d3 g6 4. g3 Bg7 5. Bg2 e6 6. O-O Nge7 7. c3 d5 8. Nbd2
O-O 9. Re1 d4 10. cxd4 Nxd4 11. Nxd4 Qxd4 12. Nb3 Qd6 13. Be3 Bxb2 14. Bxc5 Qd7
15. Rb1 Bc3 16. Re2 b6 17. Rc2 Bg7 18. Ba3 Bb7 19. Rbc1 Rfc8 20. d4 a5 21.
Rxc8+ Rxc8 22. Rxc8+ Nxc8 23. d5 exd5 24. exd5 Nd6 25. Qd3 Nb5 26. Bc1 a4 27.
Nd2 Nd4 28. Nc4 Ba6 29. Be3 Qb5 30. Bxd4 Qxc4 31. Qxc4 Bxc4 32. Bxb6 Bxa2 33.
Bc5 Bb2 34. d6 Be6 35. Bc6 a3 36. d7 Bxd7 37. Bxa3 Bxc6 38. Bxb2 1/2-1/2

[Event "GBR-ch"]
[Site "Scarborough"]
[Date "2001.08.07"]
[Round "8"]
[White "Lyell, Mark"]
[Black "Buckley, Melanie"]
[Result "0-1"]
[WhiteElo "2219"]
[BlackElo "2118"]
[PlyCount "96"]
[EventDate "2001.07.30"]

1. e4 e6 2. d4 d5 3. e5 c5 4. c3 Nc6 5. Nf3 Qb6 6. a3 c4 7. Nbd2 Na5 8. Be2 Bd7
9. O-O Ne7 10. Rb1 Qc6 11. b4 cxb3 12. Nxb3 Nxb3 13. Qxb3 Nc8 14. c4 dxc4 15.
Bxc4 Nb6 16. Bd3 Rc8 17. Ng5 Qc3 18. Qd1 Be7 19. Bb2 Qc7 20. Qh5 g6 21. Qg4
Bxg5 22. Qxg5 Qd8 23. Qh6 Qe7 24. Bc1 Qf8 25. Qh4 h6 26. Bd2 Qe7 27. Qg3 Bc6
28. h4 Nd5 29. Be4 Qd7 30. Bxd5 Qxd5 31. Bb4 Rg8 32. Rbd1 Kd7 33. f3 Bb5 34.
Rf2 Ba4 35. Rb1 Bc2 36. Rxc2 Rxc2 37. Qf4 f5 38. exf6 g5 39. Qe4 Qxe4 40. fxe4
gxh4 41. Kh2 Rgxg2+ 42. Kh3 Rg3+ 43. Kxh4 Rg6 44. Kh5 Rxf6 45. Bd6 b6 46. Bb8
Rf8 47. Bxa7 Rg8 48. Rh1 Kc7 0-1

[Event "GBR-ch"]
[Site "Scarborough"]
[Date "2001.08.07"]
[Round "8"]
[White "Lappage, Jonathan"]
[Black "Burnett, Jim"]
[Result "0-1"]
[WhiteElo "2208"]
[BlackElo "2209"]
[PlyCount "120"]
[EventDate "2001.07.30"]

1. e4 d5 2. exd5 Qxd5 3. Nc3 Qa5 4. d4 Nf6 5. Nf3 c6 6. Ne5 Be6 7. Bd3 g6 8.
O-O Bg7 9. Ne2 O-O 10. Nf4 Bc8 11. Re1 e6 12. a3 Nbd7 13. b4 Qb6 14. Bb2 a5 15.
Qd2 Nxe5 16. dxe5 Nd5 17. Nxd5 exd5 18. Qf4 Qc7 19. Qg5 Re8 20. Re2 axb4 21.
axb4 Rxa1+ 22. Bxa1 Bd7 23. Bd4 b6 24. Qe3 c5 25. bxc5 bxc5 26. Bxc5 Rxe5 27.
Bb6 Qc3 28. Qc1 Rxe2 29. Bxe2 Bf5 30. Qd1 Qxc2 31. Qxc2 Bxc2 32. Ba5 f5 33. Kf1
Kf7 34. Ke1 Ke6 35. Kd2 Bb3 36. f4 Bc4 37. Bf3 Kd6 38. Bb4+ Kc6 39. g3 Bd4 40.
h3 Bf1 41. Bc3 Bf2 42. g4 Bxh3 43. g5 Bf1 44. Be5 Bc5 45. Kc3 Bc4 46. Bg2 Kd7
47. Bf3 Ke6 48. Bd4 Bf8 49. Bd1 h6 50. gxh6 Bxh6 51. Be5 g5 52. Bf3 gxf4 53.
Kd4 Bg5 54. Bg2 Bf6 55. Bxf6 Kxf6 56. Bf3 Kg5 57. Ke5 Bd3 58. Bxd5 Kg4 59. Kd4
Be4 60. Bc4 Kg3 0-1

[Event "GBR-ch"]
[Site "Scarborough"]
[Date "2001.08.07"]
[Round "8"]
[White "Player, Edmund"]
[Black "Trent, Lawrence"]
[Result "0-1"]
[WhiteElo "2115"]
[BlackElo "2249"]
[PlyCount "112"]
[EventDate "2001.07.30"]

1. e4 e5 2. Nc3 Nf6 3. Bc4 Nc6 4. d3 Bb4 5. Nge2 d5 6. exd5 Nxd5 7. O-O Be6 8.
Bxd5 Bxd5 9. f4 exf4 10. Nxf4 Bxc3 11. bxc3 O-O 12. c4 Be6 13. Nxe6 fxe6 14.
Rxf8+ Qxf8 15. Be3 Qf6 16. Rb1 b6 17. Qf3 Qxf3 18. gxf3 Rf8 19. Kg2 Ne5 20. Rf1
Rf5 21. Bd2 Kf7 22. f4 Ng6 23. d4 Rh5 24. a4 Nh4+ 25. Kg1 Nf5 26. d5 exd5 27.
cxd5 Nd6 28. f5 Rxf5 29. Rxf5+ Nxf5 30. Bf4 Nd6 31. Kf2 g5 32. Be5 Kg6 33. Kf3
Kf5 34. Bg3 h5 35. h3 Ne8 36. Ke3 g4 37. hxg4+ Kxg4 38. Bh2 h4 39. Ke4 Kh3 40.
Be5 Kg2 41. Kf5 h3 42. Ke6 Kf3 43. Bh2 Ke4 44. Kd7 Kxd5 45. Kxe8 c6 46. Kd7 b5
47. a5 b4 48. a6 c5 49. Kc7 c4 50. Kb7 b3 51. cxb3 cxb3 52. Kxa7 b2 53. Kb8
b1=Q+ 54. Kc8 Qc2+ 55. Bc7 h2 56. a7 Qc6 0-1

[Event "GBR-ch"]
[Site "Scarborough"]
[Date "2001.08.07"]
[Round "8"]
[White "Hunt, Adam"]
[Black "Anderson, John"]
[Result "1/2-1/2"]
[WhiteElo "2408"]
[BlackElo "2161"]
[PlyCount "70"]
[EventDate "2001.07.30"]

1. e4 c5 2. Nf3 Nc6 3. d4 cxd4 4. Nxd4 Nf6 5. Nc3 d6 6. Bc4 e6 7. Bb3 a6 8. Be3
Qc7 9. O-O Be7 10. f4 Na5 11. Qf3 Bd7 12. Rad1 Rc8 13. g4 h6 14. g5 Nxb3 15.
axb3 Nh7 16. h4 Bc6 17. Qg4 Nf8 18. f5 e5 19. Nxc6 bxc6 20. f6 gxf6 21. gxf6
Bd8 22. Rxd6 Qxd6 23. Qxc8 Nd7 24. Qxa6 Rg8+ 25. Kh2 Rg4 26. Qc8 Rxh4+ 27. Kg2
Rg4+ 28. Kh2 Qe6 29. Rf3 Rg6 30. Bf2 Qg4 31. Rg3 Qh4+ 32. Kg2 Qxf6 33. b4 Rxg3+
34. Bxg3 Qg6 35. Kh2 Qh5+ 1/2-1/2

[Event "GBR-ch"]
[Site "Scarborough"]
[Date "2001.08.07"]
[Round "8"]
[White "Stephenson, Norman"]
[Black "Ledger, Dave J"]
[Result "1-0"]
[WhiteElo "2246"]
[BlackElo "2312"]
[PlyCount "47"]
[EventDate "2001.07.30"]

1. e4 e5 2. Nf3 Nc6 3. Nc3 Nf6 4. d4 exd4 5. Nxd4 Bb4 6. Nxc6 bxc6 7. Bd3 O-O
8. O-O d5 9. exd5 cxd5 10. Bg5 c6 11. Qf3 Bd6 12. Rfe1 Rb8 13. Na4 Rb4 14. b3
Bg4 15. Bxf6 gxf6 16. Qe3 Bh5 17. c4 Bg6 18. Rad1 Rb7 19. Qf3 Bb4 20. Rf1 Rd7
21. Bf5 Rd6 22. c5 Re6 23. Bxe6 fxe6 24. Qg4 1-0

[Event "GBR-ch"]
[Site "Scarborough"]
[Date "2001.08.07"]
[Round "8"]
[White "Oswald, Graeme"]
[Black "Rumens, David"]
[Result "1/2-1/2"]
[WhiteElo "2195"]
[BlackElo "2255"]
[PlyCount "130"]
[EventDate "2001.07.30"]

1. g3 e5 2. Bg2 Nc6 3. c4 g6 4. Nc3 Bg7 5. e3 Nge7 6. Nge2 O-O 7. O-O d6 8. Rb1
Bf5 9. d3 Qd7 10. b4 Bh3 11. b5 Bxg2 12. Kxg2 Nd8 13. e4 Ne6 14. Be3 f5 15. f4
exf4 16. gxf4 c6 17. Qb3 fxe4 18. dxe4 Nc5 19. Qc2 Rae8 20. Rbd1 Qe6 21. bxc6
Nxc6 22. Bxc5 dxc5 23. Qd3 Bd4 24. e5 Nb4 25. Nxd4 cxd4 26. Qxd4 Rc8 27. Nd5
Rfd8 28. Nf6+ Kg7 29. Qxd8 Rxd8 30. Rxd8 Nc2 31. Rd7+ Kf8 32. Nxh7+ Ke8 33.
Nf6+ Kf8 34. Kg3 Ne3 35. Re1 Nf5+ 36. Kf2 Qxc4 37. e6 Qxf4+ 38. Kg1 Ne7 39. Ne4
Qg4+ 40. Ng3 Ke8 41. Re4 Qg5 42. Rxb7 Nf5 43. e7 Qc1+ 44. Kf2 Qc8 45. Nxf5
Qxf5+ 46. Ke3 Qh3+ 47. Kd4 Qxh2 48. Rb4 Qd2+ 49. Kc5 Qc2+ 50. Kd6 Qd2+ 51. Rbd4
Qxa2 52. Kc7 Qa5+ 53. Kb7 Qb6+ 54. Ka8 Qc6+ 55. Kxa7 Qc5+ 56. Ka6 Qa3+ 57. Kb5
Qb3+ 58. Kc5 Qc3+ 59. Rc4 Qa5+ 60. Kd4 Qd2+ 61. Kc5 Qa5+ 62. Kd6 Qa6+ 63. Kd5
Qa5+ 64. Ke6 Qb6+ 65. Kd5 Qa5+ 1/2-1/2

[Event "GBR-ch"]
[Site "Scarborough"]
[Date "2001.08.07"]
[Round "8"]
[White "Waddington, Michael"]
[Black "Ledger, Stephen"]
[Result "1-0"]
[WhiteElo "2353"]
[BlackElo "2196"]
[PlyCount "101"]
[EventDate "2001.07.30"]

1. Nc3 c5 2. e4 Nc6 3. f4 g6 4. Nf3 Bg7 5. Bc4 e6 6. O-O d6 7. d3 Nge7 8. Qe1
Nd4 9. Nxd4 cxd4 10. Ne2 O-O 11. Bb3 Nc6 12. Bd2 Kh8 13. a3 Bd7 14. Rf3 Rc8 15.
Rc1 a6 16. Kh1 Qe7 17. Ng1 f5 18. Nh3 h6 19. Qg3 Qf6 20. Re1 Ne7 21. Bb4 e5 22.
fxe5 dxe5 23. Bxe7 Qxe7 24. Qxg6 fxe4 25. Qxe4 Bc6 26. Rxf8+ Rxf8 27. Qg4 Qf6
28. Kg1 Qf5 29. Qxf5 Rxf5 30. Rf1 Rxf1+ 31. Kxf1 Kh7 32. Nf2 Kg6 33. Be6 a5 34.
g3 Bf8 35. Bh3 Be7 36. Bg2 Bxg2+ 37. Kxg2 Bg5 38. a4 Kf5 39. Kf3 h5 40. b3 Be7
41. h3 b6 42. g4+ hxg4+ 43. hxg4+ Ke6 44. Ke4 Bf6 45. Nd1 Kd6 46. Nb2 Kc5 47.
Nc4 b5 48. axb5 Kxb5 49. Nxe5 a4 50. bxa4+ Kxa4 51. Kxd4 1-0

[Event "GBR-ch"]
[Site "Scarborough"]
[Date "2001.08.07"]
[Round "8"]
[White "McDonnell, James J"]
[Black "Steadman, Michael"]
[Result "0-1"]
[WhiteElo "2047"]
[BlackElo "2090"]
[PlyCount "62"]
[EventDate "2001.07.30"]

1. e4 d5 2. exd5 Qxd5 3. Nc3 Qa5 4. d4 Nf6 5. Nf3 Bf5 6. Bc4 c6 7. O-O Nbd7 8.
Bd2 Qb6 9. Bb3 e6 10. h3 h6 11. a3 Be7 12. Re1 g5 13. Be3 Qc7 14. Bc4 O-O-O 15.
Nd2 Nb6 16. Be2 Nbd5 17. Nxd5 Nxd5 18. Nf1 Nf4 19. Bf3 h5 20. c3 g4 21. hxg4
hxg4 22. Bxg4 Bxg4 23. Qxg4 Nh3+ 24. gxh3 Rdg8 25. Kg2 f5 26. Qxg8+ Rxg8+ 27.
Kf3 Qa5 28. Bf4 Qd5+ 29. Ke2 Qe4+ 30. Be3 f4 31. Nd2 Qf5 0-1

[Event "GBR-ch"]
[Site "Scarborough"]
[Date "2001.08.07"]
[Round "8"]
[White "Kennedy, John"]
[Black "Frost, Nicholas"]
[Result "1/2-1/2"]
[WhiteElo "2042"]
[BlackElo "2141"]
[PlyCount "80"]
[EventDate "2001.07.30"]

1. Nf3 c5 2. g3 Nc6 3. Bg2 g6 4. O-O Bg7 5. d3 e6 6. e4 Nge7 7. Re1 d6 8. c3
O-O 9. Be3 Rb8 10. Qd2 e5 11. d4 b6 12. d5 Na5 13. Na3 f5 14. Ng5 h6 15. Ne6
Bxe6 16. dxe6 Kh7 17. Rad1 Nc8 18. exf5 gxf5 19. b4 Nb7 20. Bxb7 Rxb7 21. bxc5
bxc5 22. Bxc5 Qf6 23. Bxd6 Rd8 24. Bxe5 Rxd2 25. Bxf6 Rxd1 26. Rxd1 Bxf6 27. c4
Ne7 28. Nb5 Kg6 29. Rd6 Rb6 30. Rd7 a6 31. Nc7 Kg7 32. Ne8+ Kg6 33. Nc7 Rb7 34.
Nxa6 Rxd7 35. exd7 Nc6 36. a4 Kf7 37. Nc7 Bd8 38. Nd5 Ne5 39. h3 Nxc4 40. Ne3
Nxe3 1/2-1/2

[Event "GBR-ch"]
[Site "Scarborough"]
[Date "2001.08.08"]
[Round "9"]
[White "Gallagher, Joseph G"]
[Black "Shaw, John K"]
[Result "1-0"]
[WhiteElo "2516"]
[BlackElo "2478"]
[PlyCount "103"]
[EventDate "2001.07.30"]

1. e4 c5 2. Nf3 Nc6 3. Bb5 g6 4. Bxc6 dxc6 5. d3 Bg7 6. h3 Nf6 7. Nc3 Nd7 8.
Be3 e5 9. Qd2 Qe7 10. Bh6 f6 11. Bxg7 Qxg7 12. Qe3 b6 13. a3 a5 14. O-O O-O 15.
Nh2 Bb7 16. f4 Rae8 17. fxe5 Nxe5 18. Rf2 Qd7 19. Raf1 Kg7 20. Ne2 Qd8 21. Qd2
Qd6 22. Qc3 Ba6 23. b3 Rf7 24. Rb1 Rd8 25. Nf1 Qe7 26. Rd1 Bc8 27. Ne3 Ba6 28.
Nf4 Re8 29. Rb1 Qd6 30. Ne2 Ree7 31. b4 cxb4 32. axb4 axb4 33. Rxb4 b5 34. Rb1
Bc8 35. d4 Nd7 36. Ng3 Nb6 37. Rf3 Kg8 38. Rd1 Ra7 39. e5 Ra3 40. Qb2 Na4 41.
Qc1 Qf8 42. exf6 b4 43. Rdf1 Nc3 44. Nc4 Ba6 45. Nxa3 Bxf1 46. Qxf1 bxa3 47.
Rxc3 a2 48. Qa1 Ra7 49. Rf3 Qf7 50. Ne4 Qd5 51. f7+ Kf8 52. Nf6 1-0

[Event "GBR-ch"]
[Site "Scarborough"]
[Date "2001.08.08"]
[Round "9"]
[White "Lalic, Bogdan"]
[Black "Hodgson, Julian M"]
[Result "1/2-1/2"]
[WhiteElo "2528"]
[BlackElo "2581"]
[PlyCount "63"]
[EventDate "2001.07.30"]

1. d4 d5 2. c4 c6 3. Nc3 Nf6 4. Nf3 a6 5. a4 Bg4 6. Qb3 Ra7 7. Ne5 dxc4 8. Nxc4
b5 9. axb5 cxb5 10. Ne5 Be6 11. Qd1 Bd7 12. g3 b4 13. Na4 Bb5 14. Bg2 e6 15.
O-O Be7 16. Re1 O-O 17. e4 Nc6 18. Be3 Nxe5 19. dxe5 Rd7 20. Qf3 Ne8 21. Nc5
Rc7 22. Nxa6 Rc6 23. Bf1 Bxf1 24. Rxf1 Qc8 25. Qe2 Nc7 26. Nxc7 Rxc7 27. Rfc1
Bc5 28. Bxc5 Rxc5 29. Qe3 Rc2 30. Rxc2 Qxc2 31. Qd4 b3 32. Ra7 1/2-1/2

[Event "GBR-ch"]
[Site "Scarborough"]
[Date "2001.08.08"]
[Round "9"]
[White "Emms, John M"]
[Black "Arkell, Keith C"]
[Result "1/2-1/2"]
[WhiteElo "2532"]
[BlackElo "2431"]
[PlyCount "89"]
[EventDate "2001.07.30"]

1. e4 c6 2. d4 d5 3. Nd2 g6 4. c3 Bg7 5. Ngf3 dxe4 6. Nxe4 Nd7 7. Bc4 Ngf6 8.
Nxf6+ Nxf6 9. O-O O-O 10. Re1 Bg4 11. Bg5 Qc7 12. h3 Bxf3 13. Qxf3 Rfe8 14. Re2
Rad8 15. Rae1 Rd7 16. Re5 Rf8 17. R5e2 Re8 18. h4 Nd5 19. h5 b5 20. Bb3 e6 21.
hxg6 hxg6 22. Re4 Qd6 23. Qh3 Rc8 24. Qh4 c5 25. dxc5 Rxc5 26. Rd1 Qc6 27. Ree1
a5 28. a3 Qb7 29. Rd3 Nf4 30. Rg3 a4 31. Ba2 Nh5 32. Rge3 Rf5 33. Bb1 Rc5 34.
Ba2 Qc7 35. Re4 Re5 36. g3 Rxe4 37. Qxe4 Nf6 38. Qa8+ Qd8 39. Qf3 Rd3 40. Qe2
Qd7 41. Be3 Rd6 42. Bf4 Rd3 43. Be3 Rd6 44. Bf4 Rd3 45. Be3 1/2-1/2

[Event "GBR-ch"]
[Site "Scarborough"]
[Date "2001.08.08"]
[Round "9"]
[White "Lane, Gary"]
[Black "Wells, Peter"]
[Result "0-1"]
[WhiteElo "2456"]
[BlackElo "2510"]
[PlyCount "78"]
[EventDate "2001.07.30"]

1. e4 c5 2. Nf3 Nc6 3. c3 Nf6 4. e5 Nd5 5. d4 cxd4 6. Bc4 Nb6 7. Bb3 d5 8. exd6
Qxd6 9. O-O Be6 10. Bxe6 Qxe6 11. Nxd4 Nxd4 12. Qxd4 Rd8 13. Qe3 Qc6 14. Nd2 e6
15. Qg3 f6 16. Re1 Kf7 17. Nf3 h5 18. Bf4 h4 19. Qg4 h3 20. gxh3 Qc8 21. Kg2
Be7 22. Be3 Nc4 23. Bxa7 Rh6 24. Kf1 f5 25. Qf4 Rxh3 26. Kg2 Rdh8 27. Qxc4
Rxh2+ 28. Kg1 Rh1+ 29. Kg2 R1h2+ 30. Kg1 Rh1+ 31. Kg2 R8h2+ 32. Nxh2 Rxh2+ 33.
Kxh2 Qxc4 34. Bd4 Bd6+ 35. Kg1 e5 36. Bxe5 Qg4+ 37. Kf1 Qh3+ 38. Kg1 f4 39. f3
Qg3+ 0-1

[Event "GBR-ch"]
[Site "Scarborough"]
[Date "2001.08.08"]
[Round "9"]
[White "Gormally, Daniel"]
[Black "Ward, Chris G"]
[Result "1/2-1/2"]
[WhiteElo "2481"]
[BlackElo "2493"]
[PlyCount "102"]
[EventDate "2001.07.30"]

1. d4 Nf6 2. Nf3 e6 3. c4 a6 4. Nc3 c5 5. e4 cxd4 6. Nxd4 Qc7 7. f4 Bb4 8. Qf3
d5 9. e5 Ne4 10. Nc2 Bxc3+ 11. bxc3 O-O 12. Ba3 Rd8 13. Be2 b5 14. cxd5 exd5
15. Bb2 Nd7 16. Nd4 Ndc5 17. Rc1 f6 18. exf6 Nxf6 19. f5 Re8 20. O-O Bd7 21.
Bd1 Qe5 22. Bb3 Qe3+ 23. Qxe3 Rxe3 24. Ba3 Nxb3 25. axb3 a5 26. Rf3 Rxf3 27.
gxf3 Re8 28. Kf2 Kf7 29. Ra1 Rc8 30. Bd6 a4 31. bxa4 bxa4 32. Rb1 Rxc3 33. Rb7
a3 34. Ra7 Rc4 35. Ke3 Ra4 36. Rxa4 Bxa4 37. Bxa3 Nh5 38. Ne2 Bd7 39. Ng3 Nxg3
40. hxg3 Bxf5 41. Kf4 Bc2 42. Bb2 Bd1 43. g4 h6 44. Kg3 g6 45. f4 Ke6 46. Kh4
Kd6 47. Bd4 Ke6 48. Bb2 h5 49. gxh5 gxh5 50. Kg5 Bg4 51. f5+ Bxf5 1/2-1/2

[Event "GBR-ch"]
[Site "Scarborough"]
[Date "2001.08.08"]
[Round "9"]
[White "Summerscale, Aaron"]
[Black "Ansell, Simon"]
[Result "1/2-1/2"]
[WhiteElo "2510"]
[BlackElo "2376"]
[PlyCount "50"]
[EventDate "2001.07.30"]

1. d4 d5 2. c4 c6 3. Nf3 Nf6 4. Nc3 dxc4 5. a4 Bf5 6. Ne5 Nbd7 7. Nxc4 Nd5 8.
g3 e5 9. dxe5 Nc5 10. Nxd5 cxd5 11. Nd6+ Bxd6 12. exd6 Qa5+ 13. Bd2 Qb6 14. Bc3
Ne4 15. Qd4 Nxc3 16. Qxb6 axb6 17. bxc3 Kd7 18. Bg2 Be6 19. Kd2 Kxd6 20. Rhb1
Kc7 21. Rb4 Rhd8 22. Ke3 Rd6 23. Kd4 Ra5 24. Rb5 Rc6 25. Bxd5 Bxd5 1/2-1/2

[Event "GBR-ch"]
[Site "Scarborough"]
[Date "2001.08.08"]
[Round "9"]
[White "Pert, Richard"]
[Black "Hebden, Mark"]
[Result "0-1"]
[WhiteElo "2245"]
[BlackElo "2550"]
[PlyCount "66"]
[EventDate "2001.07.30"]

1. e4 e5 2. Nf3 Nc6 3. Bc4 Nf6 4. d3 Be7 5. Nc3 d6 6. a3 O-O 7. h3 Nd7 8. O-O
Nb6 9. Ba2 Kh8 10. Nd5 Nxd5 11. exd5 Nb8 12. d4 e4 13. Ne1 Nd7 14. f3 f5 15.
fxe4 fxe4 16. Rxf8+ Qxf8 17. c4 Nf6 18. Nc2 Qf7 19. Qe1 Qg6 20. Kh2 Bd7 21. Be3
Rf8 22. Qg3 Qh5 23. Kg1 Ng8 24. Bf4 g5 25. Bd2 g4 26. hxg4 Bxg4 27. Ne3 Bh4 28.
Qh2 Bf2+ 29. Kh1 Qg5 30. Nxg4 Qxg4 31. Qh3 Qe2 32. Bh6 Nxh6 33. Qxh6 Rf5 0-1

[Event "GBR-ch"]
[Site "Scarborough"]
[Date "2001.08.08"]
[Round "9"]
[White "Rowson, Jonathan"]
[Black "Pert, Nicholas"]
[Result "1-0"]
[WhiteElo "2514"]
[BlackElo "2475"]
[PlyCount "141"]
[EventDate "2001.07.30"]

1. e4 e6 2. d4 d5 3. Nc3 Bb4 4. e5 c5 5. a3 Bxc3+ 6. bxc3 Qa5 7. Bd2 Qa4 8. Qb1
c4 9. Ne2 f6 10. exf6 Nxf6 11. Ng3 Nc6 12. Be2 O-O 13. O-O e5 14. dxe5 Nxe5 15.
Re1 Ne4 16. Nxe4 dxe4 17. Be3 Qc6 18. Bd4 Ng6 19. Qb4 Be6 20. Rab1 Bd5 21. Qc5
Nf4 22. Bf1 Rac8 23. Qxc6 Rxc6 24. g3 b6 25. Rb5 Rg6 26. Be3 Bc6 27. Re5 b5 28.
Rd1 a6 29. h4 Ne6 30. Bh3 Re8 31. Bf5 Rf6 32. Bxe4 Bxe4 33. Rxe4 Kf7 34. Rd7+
Kf8 35. Ra7 Nc7 36. Bc5+ Kg8 37. Rxe8+ Nxe8 38. Kg2 h5 39. Re7 Nd6 40. Bd4 Rf7
41. Re6 Nf5 42. Rxa6 Rd7 43. Rb6 Nxd4 44. cxd4 Rxd4 45. Rxb5 Rd2 46. Rxh5 Rxc2
47. a4 Kf7 48. a5 Ke6 49. a6 Ra2 50. Rc5 Ra4 51. a7 Rxa7 52. Rxc4 Kf6 53. g4 g6
54. Rc6+ Kf7 55. Kg3 Rb7 56. Kf4 Kg7 57. Rc5 Kf6 58. h5 gxh5 59. Rxh5 Kg6 60.
Kg3 Rb3+ 61. f3 Kf6 62. Rf5+ Kg6 63. Ra5 Kf6 64. g5+ Kg6 65. Kg4 Rb1 66. Ra6+
Kg7 67. f4 Rb7 68. f5 Rf7 69. g6 Rf8 70. Kg5 Ra8 71. f6+ 1-0

[Event "GBR-ch"]
[Site "Scarborough"]
[Date "2001.08.08"]
[Round "9"]
[White "Zhao, Zong-Yuan"]
[Black "Kelly, Brian"]
[Result "1/2-1/2"]
[WhiteElo "2359"]
[BlackElo "2458"]
[PlyCount "55"]
[EventDate "2001.07.30"]

1. d4 d5 2. c4 c6 3. Nc3 Nf6 4. Nf3 e6 5. Bg5 dxc4 6. e4 b5 7. e5 h6 8. Bh4 g5
9. Nxg5 hxg5 10. Bxg5 Nbd7 11. exf6 Bb7 12. g3 c5 13. d5 Bh6 14. Bxh6 Rxh6 15.
Qd2 Qxf6 16. Ne4 Qf3 17. Nd6+ Ke7 18. Rg1 Bxd5 19. Qxh6 Kxd6 20. Bg2 Qf6 21.
Qxf6 Nxf6 22. Ke2 a5 23. a4 b4 24. Rac1 Nd7 25. f4 Nb6 26. Ra1 Rh8 27. h4 f5
28. Bf3 1/2-1/2

[Event "GBR-ch"]
[Site "Scarborough"]
[Date "2001.08.08"]
[Round "9"]
[White "Palliser, Richard JD"]
[Black "Knott, Simon JB"]
[Result "1/2-1/2"]
[WhiteElo "2337"]
[BlackElo "2373"]
[PlyCount "151"]
[EventDate "2001.07.30"]

1. e4 e6 2. d4 d5 3. Nc3 Bb4 4. e5 c5 5. dxc5 Nc6 6. Nf3 d4 7. a3 Ba5 8. b4
dxc3 9. bxa5 Qxd1+ 10. Kxd1 Nge7 11. Bb5 a6 12. Bxc6+ Nxc6 13. Be3 Bd7 14. Rb1
Nxa5 15. Bd4 Bc6 16. Bxc3 Bxf3+ 17. gxf3 Nc6 18. Ke2 O-O-O 19. Rbd1 Rxd1 20.
Rxd1 Rd8 21. Rd6 Ne7 22. f4 Rd7 23. Kf3 Nf5 24. Rb6 Rc7 25. Bb4 Nd4+ 26. Ke4
Nc6 27. Bd2 Rd7 28. Be3 Rd1 29. Kf3 Rh1 30. Kg2 Ra1 31. Rb3 Ra2 32. Rc3 Ne7 33.
f5 Nxf5 34. c6 Nxe3+ 35. Rxe3 Rxc2 36. Rh3 h6 37. Rg3 g6 38. cxb7+ Kxb7 39.
Rb3+ Kc6 40. Rf3 Kd5 41. Rxf7 Kxe5 42. Ra7 Rc6 43. f3 Kd4 44. Rd7+ Ke5 45. Ra7
Rd6 46. h4 Kd4 47. Kg3 e5 48. Kg4 Rf6 49. Re7 Kd5 50. Rd7+ Rd6 51. Rh7 h5+ 52.
Kg5 Kd4 53. Re7 Rb6 54. Re8 Rb3 55. Kxg6 Rxf3 56. Kxh5 Rg3 57. Rd8+ Ke3 58. Ra8
e4 59. Rxa6 Ke2 60. Re6 e3 61. a4 Kf2 62. a5 e2 63. a6 e1=Q 64. Rxe1 Kxe1 65.
Kh6 Kf2 66. h5 Kf3 67. a7 Rg8 68. Kh7 Ra8 69. h6 Kf4 70. Kg6 Rxa7 71. h7 Ra8
72. Kg7 Kg5 73. h8=Q Ra7+ 74. Kg8 Ra8+ 75. Kg7 Rxh8 76. Kxh8 1/2-1/2

[Event "GBR-ch"]
[Site "Scarborough"]
[Date "2001.08.08"]
[Round "9"]
[White "Ghasi, Ameet K"]
[Black "Williams, Simon K"]
[Result "0-1"]
[WhiteElo "2188"]
[BlackElo "2369"]
[PlyCount "74"]
[EventDate "2001.07.30"]

1. Nf3 f5 2. d4 Nf6 3. Bg5 e6 4. Nbd2 d5 5. c4 Be7 6. e3 O-O 7. Be2 c6 8. O-O
Nbd7 9. Rc1 h6 10. Bxf6 Rxf6 11. Ne1 Bd6 12. Nd3 g5 13. f4 Rg6 14. b4 a5 15. b5
cxb5 16. cxd5 exd5 17. Qb3 Nf6 18. Ne5 Rg7 19. Bxb5 Be6 20. Bd3 gxf4 21. exf4
Bxe5 22. fxe5 a4 23. Qa3 Ne4 24. Nf3 Kh8 25. Qb4 Qd7 26. Rc2 Rag8 27. Qe1 Rg4
28. Qc1 Qg7 29. Ne1 Rg6 30. Kh1 Qe7 31. Nf3 Qf8 32. Ng1 Qg7 33. Rc7 Bd7 34.
Bxe4 Rxg2 35. Rc3 fxe4 36. Rc2 e3 37. Nf3 e2 0-1

[Event "GBR-ch"]
[Site "Scarborough"]
[Date "2001.08.08"]
[Round "9"]
[White "Crouch, Colin"]
[Black "Collins, Sam"]
[Result "1-0"]
[WhiteElo "2407"]
[BlackElo "2194"]
[PlyCount "61"]
[EventDate "2001.07.30"]

1. d4 Nf6 2. c4 g6 3. Nc3 d5 4. Nf3 Bg7 5. Bg5 Ne4 6. cxd5 Nxg5 7. Nxg5 e6 8.
Qd2 exd5 9. Qe3+ Kf8 10. Qf4 Bf6 11. Nf3 Kg7 12. g4 g5 13. Qg3 c5 14. O-O-O Nc6
15. dxc5 Qa5 16. Nd2 Bxc3 17. Qxc3+ Qxc3+ 18. bxc3 Be6 19. Nb3 Rac8 20. Bg2
Rhd8 21. h4 Bxg4 22. f3 Be6 23. hxg5 Ne5 24. Bh3 Nd7 25. Bxe6 fxe6 26. Rh6 Nxc5
27. Nd4 Kg8 28. Rdh1 e5 29. Nf5 Rd7 30. g6 Na4 31. Rxh7 1-0

[Event "GBR-ch"]
[Site "Scarborough"]
[Date "2001.08.08"]
[Round "9"]
[White "Eames, Robert"]
[Black "D'Costa, Lorin"]
[Result "0-1"]
[WhiteElo "2333"]
[BlackElo "2155"]
[PlyCount "70"]
[EventDate "2001.07.30"]

1. e4 c5 2. Nf3 Nc6 3. d4 cxd4 4. Nxd4 Nf6 5. Nc3 d6 6. Bc4 e6 7. Be3 Be7 8.
Qe2 O-O 9. O-O-O a6 10. Bb3 Qc7 11. Rhg1 Nd7 12. g4 Nc5 13. g5 Bd7 14. Qh5 Rfc8
15. Rg3 g6 16. Qh6 Bf8 17. Qh4 Nxd4 18. Bxd4 Nxb3+ 19. axb3 e5 20. Bb6 Qc6 21.
Rd2 Be6 22. Be3 Bg7 23. Rh3 a5 24. Qxh7+ Kf8 25. Rf3 a4 26. bxa4 Rxa4 27. Rd3
Ra1+ 28. Kd2 Bg4 29. Ba7 Bxf3 30. Rxf3 Rxa7 31. Qxg6 b5 32. b4 Rac7 33. Qh7 Qc4
34. h4 Qd4+ 35. Ke2 Rxc3 0-1

[Event "GBR-ch"]
[Site "Scarborough"]
[Date "2001.08.08"]
[Round "9"]
[White "Singh, Gurpreet"]
[Black "Waters, Clive L"]
[Result "1-0"]
[WhiteElo "2302"]
[BlackElo "2147"]
[PlyCount "57"]
[EventDate "2001.07.30"]

1. e4 c5 2. Nf3 Nc6 3. d4 cxd4 4. Nxd4 Qb6 5. Nb3 Nf6 6. Nc3 e6 7. Qe2 d6 8. g4
a6 9. Be3 Qc7 10. g5 Nd7 11. f4 b5 12. Qf2 Bb7 13. Bg2 Be7 14. O-O-O Na5 15.
Nxa5 Qxa5 16. Kb1 Rc8 17. Bd4 O-O 18. Rd3 Rc4 19. f5 Bxg5 20. Bxg7 Kxg7 21. Qg3
Kh8 22. Qxg5 Rg8 23. Qe7 Rxg2 24. Rg3 Rxg3 25. hxg3 Bxe4 26. fxe6 Rb4 27. Qe8+
Kg7 28. Qxf7+ Kh8 29. exd7 1-0